00705nam a2200217Ia 4500003000400000005001700004008004100021040000700062041000800069082001900077100004600096245004700142260003500189365000800224650003700232650003000269906005100299942001200350999001900362952010600381OSt20230524185349.0210423s1984 xx 000 0 und d cAL aeng a323 223bJOSD aJOSEPH (George);DESROCHERS (John)9113268 aDevelopment human rights and action groups bCentre for social actionc1984 cINR aCivil & Political Rights9113269 aPolitical Science9113270 aaction ; Development ; groups ; human ; rights 2ddccBK c173059d173059 001040708MSWaSACPGbSACPGd2021-04-26l0o323 JOSDpPG019636r2022-08-24 00:00:00w2021-04-26yBK